| 000 | 01049nam a2200301Ia 4500 | ||
|---|---|---|---|
| 001 | Para_8736 | ||
| 003 | CHAP | ||
| 008 | 220125s2001 xx 000 0 und d | ||
| 010 | _a207536 | ||
| 040 | _cCHAP | ||
| 090 | _aPA TESIS 1730 | ||
| 100 |
_aDe la Cruz Utrilla, Victor Manuel _9174112 |
||
| 245 |
_aMedidas fitosanitarias para la protección de la zona libre de moscas de la fruta (Diptera : _bTephritidae) del estado de Sonora, México / _c por Victor Manuel de la Cruz Utrilla |
||
| 260 |
_aChapingo, Méx. : _b el autor |
||
| 300 | _a40 h. | ||
| 502 | _aTesis (M.C. Esp. Protección Vegetal) UACh. Departamento Parasitología Agrícola | ||
| 650 |
_aInsecticidas _x medidas de seguridad _958875 |
||
| 650 |
_aInsectos _958888 |
||
| 650 |
_aMosca de la fruta _978989 |
||
| 710 |
_aUACh. Departamento Parasitología Agrícola _9164025 |
||
| 901 | _aPA TESIS 1730 | ||
| 902 | _aA | ||
| 905 | _a0000002001 n 0000000000 00 | ||
| 910 | _a2001 | ||
| 942 | _cPARA | ||
| 942 |
_cPARA _d1 |
||
| 999 |
_c207536 _d207536 |
||